| 000 | 00557nam a2200181Ia 4500 | ||
|---|---|---|---|
| 999 |
_c36592 _d36592 |
||
| 003 | OSt | ||
| 005 | 20201209100456.0 | ||
| 008 | 190216s9999||||xx |||||||||||||| ||und|| | ||
| 020 | _a0444876642 | ||
| 040 | _coclc | ||
| 082 |
_a001.642071 _bGRI/T |
||
| 100 |
_aGriffiths, M _97308 |
||
| 245 | 4 |
_aThe Role Of Programming In Teaching Informatics / _cM Griffiths |
|
| 260 |
_bNorth Holland, _c1985. _aNewyork: |
||
| 300 | _a211p | ||
| 650 | _aRole Of Progarmming In Teaching | ||
| 942 |
_cREF _2ddc _h001.642071 _iGRI/T _k001.642071 _mGRI/T |
||